| 000 | 00528nam a2200193Ia 4500 | ||
|---|---|---|---|
| 005 | 20250923145238.0 | ||
| 008 | 008 250917s9999 xx 000 0 eng d | ||
| 037 | _aTextual | ||
| 040 |
_aDSWL _beng _cDSWL |
||
| 041 |
_aeng _2eng |
||
| 084 |
_aY11:7x, N70 _qDSWL |
||
| 245 | 0 |
_aReadings in child socioloization _cEd.by K. Danziger |
|
| 260 |
_aLondon _bPergamon Press _c1970 |
||
| 300 | _a406p. | ||
| 365 |
_aINR _b35 |
||
| 925 | _g35 | ||
| 942 |
_cTEXL _hY11:7x, N70 |
||
| 999 |
_c1448909 _d1448909 |
||